[Event "ch-SRB w 2013"]
[Site "Pirot SRB"]
[Date "2013.04.02"]
[Round "11"]
[White "Petrovic,Mari"]
[Black "Nonkovic,B"]
[Result "1/2-1/2"]
[WhiteElo "2166"]
[BlackElo "2052"]

1.Nf3 d5 2.g3 Nf6 3.Bg2 e6 4.O-O c5 5.d3 Nc6 6.c3 Be7 7.Qc2 O-O 8.e4 dxe4
9.dxe4 Qc7 10.a4 b6 11.Na3  1/2-1/2

[Event "2nd Martinique Open"]
[Site "Fort-de-France FRA"]
[Date "2013.04.03"]
[Round "1.11"]
[White "Mendiondo,Yosvany"]
[Black "Nardol,Fred"]
[Result "0-1"]
[WhiteElo "2037"]
[BlackElo "1844"]

1.Nf3 d5 2.g3 Nf6 3.Bg2 g6 4.O-O Bg7 5.c4 O-O 6.Na3 c6 7.Rb1 Bf5 8.d3 Qc8
9.Re1 Bh3 10.Bh1 h6 11.Bf4 Na6 12.b4 Nc7 13.b5 dxc4 14.bxc6 bxc6 15.Nxc4 Ncd5
16.Be5 Ng4 17.Bxg7 Kxg7 18.Qc1 Rb8 19.e4 Nb6 20.Qc3+ Kh7 21.Na5 Qa6 22.Rec1 Rbd8
23.Ne1 f5 24.f4 fxe4 25.Bxe4 e5 26.Qxc6 Rf6 27.Qb5 Qxb5 28.Rxb5 exf4 29.Rc7+ Kh8
30.Nf3 fxg3 31.hxg3 Rdf8 32.Rxa7 Rxf3 33.Bxf3 Rxf3 34.Rb1 Rf2 35.Nc4 Rg2+  0-1

[Event "87th ch-ARG 2013"]
[Site "Villa Martelli ARG"]
[Date "2013.04.03"]
[Round "1.3"]
[White "Bertaccini,D"]
[Black "Valerga,D"]
[Result "0-1"]
[WhiteElo "2176"]
[BlackElo "2502"]

1.Nf3 d5 2.g3 c6 3.Bg2 Bg4 4.h3 Bh5 5.c4 e6 6.b3 Nd7 7.Bb2 Ngf6 8.O-O Bd6
9.d4 Ne4 10.Nbd2 f5 11.Ne5 Nxe5 12.dxe5 Bc5 13.Nxe4 dxe4 14.Qc2 e3 15.fxe3 Bxe3+
16.Kh2 Qg5 17.Rad1 f4 18.g4 Bxg4 19.Qd3 O-O 20.Be4 Qh4  0-1

[Event "87th ch-ARG 2013"]
[Site "Villa Martelli ARG"]
[Date "2013.04.03"]
[Round "1.8"]
[White "Slipak,S"]
[Black "Bulcourf,C"]
[Result "1-0"]
[WhiteElo "2438"]
[BlackElo "2106"]

1.Nf3 d5 2.g3 Nc6 3.d4 Bf5 4.Bg2 Nf6 5.O-O e6 6.b3 a5 7.c4 Be7 8.Nc3 Ne4
9.Bb2 O-O 10.e3 Nxc3 11.Bxc3 Be4 12.c5 b6 13.Rc1 b5 14.Bh3 b4 15.Bb2 a4 16.Ne5 Qe8
17.f3 Bg6 18.Nxg6 hxg6 19.Rc2 axb3 20.axb3 Qd7 21.f4 f5 22.Rff2 Ra5 23.Bf1 Rfa8
24.h4 Bd8 25.Rh2 Qf7 26.Bd3 Ra2 27.Rcg2 Bf6 28.Bb5 Ne7 29.Ba4 R2xa4 30.bxa4 Qe8
31.Bc1 Rxa4 32.Ra2 Rxa2 33.Rxa2 Qb5 34.Qe2 Qc4 35.Rc2 Qb3 36.Rb2 Qa3 37.Qc2 Qa5
38.Ra2 Qb5 39.Qa4 Qd3 40.Qxb4 Qd1+ 41.Kg2 Qxc1 42.Ra8+ Nc8 43.Rxc8+ Kf7 44.Rxc7+ Kg8
45.Qb8+ Kh7 46.Rc8 g5 47.Rh8+  1-0

[Event "1st Hofheim Open"]
[Site "Hofheim GER"]
[Date "2013.04.04"]
[Round "4.27"]
[White "Seidel,J"]
[Black "Stock,J"]
[Result "0-1"]
[WhiteElo "2083"]
[BlackElo "1936"]

1.Nf3 d5 2.g3 Bg4 3.Bg2 Nd7 4.d4 e6 5.O-O Bd6 6.b3 Qe7 7.Bb2 f5 8.Ne5 Ngf6
9.c4 c6 10.Qc2 O-O 11.f3 Bh5 12.Nd2 Nxe5 13.dxe5 Bc5+ 14.Kh1 Nd7 15.Rae1 f4
16.gxf4 Rxf4 17.e3 Rh4 18.f4 Rf8 19.Nf3 Bxf3 20.Rxf3 Rf5 21.cxd5 cxd5 22.Rg3 Nf8
23.h3 Rf7 24.Kh2 Bb6 25.Rc1 d4 26.Bxd4 Bxd4 27.exd4 Rhxf4 28.Rd1 R7f5 29.Rd2 Ng6
30.Be4 Rg5 31.Rxg5 Qxg5 32.Rg2 Qh6 33.Qc8+ Nf8 34.Qxb7 Rh4 35.Rg3 g6 36.Bg2 Rxd4
37.Rf3 Rf4 38.Qxa7 Rxf3 39.Bxf3 Qf4+ 40.Kg2 Qg5+ 41.Kh1 Qxe5 42.Qf2 Qa1+
43.Kh2 Kg7 44.a4 Nd7 45.Qe3 e5 46.Qa7 Qd1 47.a5 Qd2+ 48.Bg2 e4 49.Kg3 e3
50.Bf3 Kh6 51.Qb7 Qf2+ 52.Kf4 e2 53.Qxd7 Qh2+ 54.Kg4 Qg1+  0-1

[Event "Sydney International Open 2013"]
[Site "Sydney AUS"]
[Date "2013.04.04"]
[Round "3.3"]
[White "Vajda,Le"]
[Black "Varga,Zo"]
[Result "1/2-1/2"]
[WhiteElo "2632"]
[BlackElo "2472"]

1.Nf3 d5 2.g3 Nf6 3.Bg2 g6 4.O-O Bg7 5.d3 O-O 6.Nbd2 c5 7.e4 dxe4 8.dxe4 Nc6
9.c3 b6 10.Qe2 Qc7 11.Re1 Rd8 12.Nf1  1/2-1/2

[Event "2nd Martinique Open"]
[Site "Fort-de-France FRA"]
[Date "2013.04.05"]
[Round "5.12"]
[White "Ancival,L"]
[Black "Suez Panama,G"]
[Result "0-1"]
[WhiteElo "1624"]
[BlackElo "2047"]

1.Nf3 d5 2.g3 c6 3.d3 e6 4.Bg2 Nf6 5.Nbd2 Nbd7 6.O-O Be7 7.c4 O-O 8.b3 b6
9.Bb2 Bb7 10.a4 a5 11.Rc1 Rc8 12.e3 Bb4 13.Qe2 Qe7 14.Rc2 Rfd8 15.Rfc1 Ba3
16.d4 Ba6 17.Ne5 Bxb2 18.Rxb2 Nxe5 19.dxe5 Nd7 20.f4 Qb4 21.Qf2 Nc5 22.Bf1 Nxa4
23.Rbc2 Nc5 24.cxd5 Bxf1 25.Qxf1 cxd5 26.Rc3 d4 27.R3c2 dxe3 28.Nc4 Nxb3
29.Nd6 Rxc2 30.Rxc2 Nd2 31.Qd3 Nf3+ 32.Kf1 Qb1+ 33.Kg2 Ne1+ 34.Kh3 Nxd3 35.Rc8 Nf2+
36.Kg2 Qh1+  0-1

[Event "2nd Martinique Open"]
[Site "Fort-de-France FRA"]
[Date "2013.04.05"]
[Round "6.6"]
[White "Boyard,Marie"]
[Black "Rausis,I"]
[Result "0-1"]
[WhiteElo "1983"]
[BlackElo "2516"]

1.Nf3 d5 2.g3 Bg4 3.Bg2 Nd7 4.O-O c6 5.d3 e6 6.Nbd2 Bd6 7.e4 Ne7 8.Qe2 O-O
9.Rd1 Kh8 10.h3 Bh5 11.g4 Bg6 12.e5 Bc7 13.Nf1 c5 14.c3 Nc6 15.d4 cxd4 16.cxd4 Bb6
17.Ng3 f6 18.exf6 Nxf6 19.a3 Ne4 20.Be3 Qf6 21.g5 Qe7 22.Nxe4 Bxe4 23.Ne5 Nxe5
24.Bxe4 dxe4 25.dxe5 Rf3 26.Bxb6 Qxg5+  0-1

[Event "1st Hofheim Open"]
[Site "Hofheim GER"]
[Date "2013.04.05"]
[Round "5.29"]
[White "De Strycker,Nathan"]
[Black "Willems,M"]
[Result "1/2-1/2"]
[WhiteElo "2033"]
[BlackElo "2027"]

1.Nf3 d5 2.g3 Nf6 3.Bg2 c6 4.O-O Bf5 5.d4 e6 6.c4 Be7 7.Nbd2 Nbd7 8.Re1 Ne4
9.Nxe4 Bxe4 10.Qb3 Qb6 11.Qxb6 Nxb6 12.c5 Nd7 13.Bf4 O-O 14.Ne5 Nxe5 15.Bxe4 Nd7
16.Bg2 e5 17.dxe5 Bxc5 18.e4 d4 19.Bh3 Rad8 20.e6 fxe6 21.Bxe6+ Kh8 22.Bg5 Ne5
23.Bxd8 Nf3+ 24.Kg2 Nxe1+ 25.Rxe1 Rxd8 26.f4 g6 27.Kf3 Kg7 28.Bc4 Be7  1/2-1/2

[Event "Sydney International Open 2013"]
[Site "Sydney AUS"]
[Date "2013.04.05"]
[Round "5.2"]
[White "Vajda,Le"]
[Black "Zhao Zong Yuan"]
[Result "1/2-1/2"]
[WhiteElo "2632"]
[BlackElo "2537"]

1.Nf3 d5 2.g3 Nf6 3.Bg2 Bg4 4.O-O Nbd7 5.d3 c6 6.Nbd2 e5 7.h3 Bh5 8.Nh4 Bc5
9.Qe1 O-O 10.e4 Re8 11.Nb3 Bb6 12.Bg5 Qc7 13.Rc1 h6 14.Be3 dxe4 15.dxe4 Nh7
16.a4 f6 17.a5 Bxe3 18.Qxe3 Nhf8 19.Ra1 Ne6 20.Nf5 Red8 21.Rfc1 Kh7 22.Bf1 Bf7
23.Rd1 Ndf8 24.Rxd8 Nxd8 25.h4 Nde6 26.c3 h5 27.Nd2 a6 28.Bc4 Rd8 29.Qe2 g6
30.Ne3 Rd7 31.b4 Qd8 32.Nb3 Kg7 33.Rf1 Qc7 34.Nc1 Qd8 35.Bd3 c5 36.f4 cxb4
37.fxe5 fxe5 38.cxb4 Nd4 39.Qg2 Nh7 40.Nd5 Bxd5 41.exd5 Nf6 42.Bb1 Nxd5 43.Qe4 Qe8
44.Nd3 Nc3 45.Qxe5+ Qxe5 46.Nxe5 Re7 47.Nxg6 Re3 48.Nf4 Rxg3+ 49.Kh2 Rf3
50.Bd3 Kh6 51.Rxf3 Nxf3+ 52.Kg3 Nd4 53.Bc4 Ne4+ 54.Kh3 Nd6 55.Bd5 Nc2 56.Nd3 Kg7
57.Kg3 Ne3 58.Bh1 Nec4 59.Nc5 b6 60.axb6 Nxb6 61.Nxa6 Nf5+ 62.Kh3 Kf6 63.Bf3 Ng7
64.Nb8 Ke5 65.Nc6+ Kd6 66.Nd4 Nd5 67.Nc2 Ke5 68.Bh1 Nf4+ 69.Kh2 Nf5 70.b5 Nd5
71.Na3 Nxh4 72.Nc4+ Kd4 73.b6 Nxb6  1/2-1/2

[Event "TCh-AUT 2 East 2012-13"]
[Site "Austria AUT"]
[Date "2013.04.06"]
[Round "10.3"]
[White "Petran,Pe"]
[Black "Hangweyrer,M"]
[Result "1/2-1/2"]
[WhiteElo "2277"]
[BlackElo "2367"]

1.g3 d5 2.Nf3 g6 3.c4 c6 4.Qa4 Nf6 5.cxd5 Nxd5 6.Qd4 Nf6 7.Qxd8+ Kxd8 8.Nc3 Bg7
9.d4 Bg4 10.Bg2 Nbd7 11.e4 Bxf3 12.Bxf3 e5 13.dxe5 Nxe5 14.Be2 Re8 15.f4 Ned7
16.e5 Ng8 17.Kf2 f6 18.exf6 Ngxf6 19.Be3 Kc7 20.Bf3 Bf8 21.Rae1 Bc5  1/2-1/2

[Event "TCh-AUT 2 East 2012-13"]
[Site "Austria AUT"]
[Date "2013.04.06"]
[Round "10.2"]
[White "Vitouch,A"]
[Black "Fodor,T jr"]
[Result "0-1"]
[WhiteElo "2338"]
[BlackElo "2503"]

1.g3 d5 2.Nf3 c6 3.Bg2 Bg4 4.c4 e6 5.O-O Nd7 6.cxd5 exd5 7.d3 Ngf6 8.Nc3 Bc5
9.Qb3 Nb6 10.h3 Be6 11.Ng5 Bd7 12.e4 h6 13.Nf3 O-O 14.e5 Nh7 15.d4 Be7 16.a4 Rb8
17.Re1 Na8 18.Nd1 Nc7 19.Ne3 Re8 20.Bd2 g6 21.Bb4 Ne6 22.Bxe7 Qxe7 23.Rad1 Ng7
24.Qc3 Nf5 25.Nxf5 Bxf5 26.Nh4 Be6 27.Kh2 g5 28.Nf3 Nf8 29.Nd2 Ng6 30.Qf3 Kg7
31.Qe3 Bf5 32.Nf1 f6 33.f4 fxe5 34.fxe5 Rf8 35.Rd2 Rf7 36.Rf2 Rbf8 37.Nd2 Be6
38.Ref1 Rxf2 39.Rxf2 b6 40.Bf1 c5 41.Rxf8 Qxf8 42.Bd3 cxd4 43.Qxd4 Qc5 44.Qxc5 bxc5
45.Bxg6 Kxg6 46.g4 d4 47.Kg3 Bd5 48.h4 Kf7 49.hxg5 hxg5 50.Nf3 Bxf3 51.Kxf3 c4
52.Ke4 d3 53.Ke3 Ke6 54.b4 Kxe5 55.b5 Kd5 56.a5 Kc5 57.b6 Kc6  0-1

[Event "TCh-AUT 2 East 2012-13"]
[Site "Austria AUT"]
[Date "2013.04.06"]
[Round "10.1"]
[White "Sommerbauer,N"]
[Black "Zilka,S"]
[Result "1/2-1/2"]
[WhiteElo "2444"]
[BlackElo "2529"]

1.Nf3 d5 2.g3 Nf6 3.Bg2 e6 4.O-O Be7 5.d3 O-O 6.Nbd2 c5 7.e4 Nc6 8.Re1 b5
9.e5 Nd7 10.Nf1 a5 11.h4 b4 12.Bf4 Ba6  1/2-1/2

[Event "FSIM April 2013"]
[Site "Budapest HUN"]
[Date "2013.04.06"]
[Round "1.1"]
[White "Battey,A"]
[Black "Jayakumar,A"]
[Result "1/2-1/2"]
[WhiteElo "2301"]
[BlackElo "2294"]

1.Nf3 d5 2.g3 Nf6 3.Bg2 Bg4 4.c4 c6 5.O-O Nbd7 6.d4 e6 7.Nbd2 Be7 8.b3 O-O
9.Bb2 a5 10.h3 Bh5 11.g4 Bg6 12.Nh4 a4 13.Nxg6 hxg6 14.Qc2 Qa5 15.Rfd1 Bb4
16.Rac1 Rfd8 17.Nb1 Qa6 18.e3 g5 19.Bf1 Qa5 20.Bd3 Bd6 21.Nd2 e5 22.dxe5 Bxe5
23.Nf3 Bxb2 24.Qxb2 axb3 25.axb3 Nc5 26.b4 Qb6 27.cxd5 Nxd3 28.Rxd3 Rxd5
29.Rxd5 Nxd5 30.b5 Re8 31.Nd4 Nc7 32.Nf5 Ne6 33.Nd6 Rd8 34.Nc4 Qxb5 35.Qxb5 cxb5
36.Na5 b6 37.Nc6 Rd2 38.Rb1 Nc7 39.Nd4 f6 40.Nxb5 Nxb5 41.Rxb5 Rd6 42.f4 gxf4
43.exf4 Kf7 44.Kf2 Ke7 45.g5 Kd7 46.gxf6 Rxf6 47.Ke3 Kc6  1/2-1/2

[Event "TCh-CAT Div Hon 2013"]
[Site "Catalonia ESP"]
[Date "2013.04.06"]
[Round "10.3"]
[White "Vidarte Morales,A"]
[Black "Ayas Fernandez,A"]
[Result "1/2-1/2"]
[WhiteElo "2345"]
[BlackElo "2278"]

1.Nf3 d5 2.g3 Bg4 3.Bg2 Nd7 4.O-O Ngf6 5.d3 e6 6.Nc3 Bb4 7.Nd2 d4 8.Ncb1 c6
9.Nb3 e5 10.c3 dxc3 11.bxc3 Bd6 12.N1d2 O-O 13.Rb1 Qc7 14.Nc4 Be7 15.f4 Be6
16.Ne3 exf4 17.Rxf4 Bd6 18.Rf1 Rfe8 19.Nf5 Bxf5 20.Rxf5 Re5 21.Rxe5 Nxe5
22.d4 Neg4 23.Qd3 Nxh2 24.Kxh2 Ng4+ 25.Kg1 Bxg3 26.Nd2 Bf2+ 27.Kf1 Qf4 28.Nf3 Be3
29.Bxe3 Nxe3+ 30.Kf2 Ng4+ 31.Kg1 Re8 32.Ne5 Qf2+ 33.Kh1 Qh4+ 34.Kg1 Qf2+
35.Kh1 Qh4+  1/2-1/2

[Event "2nd Martinique Open"]
[Site "Fort-de-France FRA"]
[Date "2013.04.06"]
[Round "7.10"]
[White "Elice,Florent"]
[Black "Suez Panama,G"]
[Result "1/2-1/2"]
[WhiteElo "2009"]
[BlackElo "2047"]

1.Nf3 d5 2.g3 c6 3.Bg2 e6 4.O-O Bd6 5.d3 Nf6 6.Nc3 Nbd7 7.Re1 e5 8.e4 d4
9.Ne2 O-O 10.Nh4 Re8 11.Rf1 Nf8 12.h3 Ng6 13.Nxg6 hxg6 14.Bg5 Qb6 15.b3 Nh5
16.g4 Nf4 17.Nxf4 exf4 18.f3 Qc5 19.Bh4 g5 20.Be1 a5 21.a4 g6 22.Rf2 Be6
23.Bf1 Kg7 24.Rh2 Rh8 25.Re2 Rh7 26.Rf2 Rah8 27.Qd2 b6 28.Qe2 Qe5 29.Bg2 f5
30.exf5 gxf5 31.Qxe5+ Bxe5 32.Bd2 Bd5 33.Re1 Kf6 34.Rfe2 Re7 35.Kf2 Rhe8
36.Ra1 c5 37.Rae1 Bc6 38.Bf1 Rh8 39.Bg2 Bd5 40.Rh1 fxg4 41.hxg4 Rxh1 42.Bxh1 Rh7
43.Bg2 Bc6 44.Re1 Bc7 45.Rh1 Rxh1 46.Bxh1 b5 47.axb5 Bxb5 48.Ke2 a4 49.bxa4 Bxa4
50.Kd1 c4 51.dxc4 d3 52.Kc1 Bxc2 53.Bc3+ Ke6 54.Bg2 Bb6 55.Bf1 Be3+ 56.Kb2 Kd6
57.Bf6 Kc5 58.Kc3 Bd1 59.Be7+ Kc6 60.Bxd3 Bxf3 61.Bf5 Be2 62.Bxg5 Kd6 63.Kb4 Bd2+
64.Kb5 f3 65.Bh4 Be3 66.g5 f2 67.Bh3 f1=Q 68.Bxf1 Bxf1 69.g6 Bd4 70.Be1 Bd3
71.Bg3+ Kd7 72.g7  1/2-1/2

[Event "1st Hofheim Open"]
[Site "Hofheim GER"]
[Date "2013.04.06"]
[Round "8.22"]
[White "Seidel,J"]
[Black "Foerster,Erik"]
[Result "1-0"]
[WhiteElo "2083"]
[BlackElo "1998"]

1.Nf3 d5 2.g3 Nf6 3.Bg2 c6 4.O-O Bg4 5.d3 e6 6.Nbd2 Nbd7 7.b3 Be7 8.Bb2 O-O
9.h3 Bh5 10.Qe1 Qa5 11.a3 Rfd8 12.g4 Bg6 13.Nh4 Nf8 14.e3 Rac8 15.Qe2 h6
16.Nxg6 Nxg6 17.f4 Nh7 18.Nf3 Nh4 19.Rf2 Nxg2 20.Rxg2 Bf6 21.Bxf6 Nxf6 22.g5 hxg5
23.fxg5 Ne8 24.g6 f6 25.Nd4 Rd6 26.Rf1 c5 27.b4 cxb4 28.axb4 Qxb4 29.Qh5 Qc5
30.Qh7+ Kf8 31.Qh8+ Ke7 32.Qg8 Qb6 33.Rxf6 gxf6 34.Qf7+ Kd8 35.g7 Nxg7 36.Rxg7 Qb1+
37.Kh2 Rxc2+ 38.Nxc2 Qxc2+ 39.Kg3 Qxd3 40.Rg8+  1-0

[Event "TCh-NED Meesterklasse 2012-13"]
[Site "Netherland NED"]
[Date "2013.04.06"]
[Round "8.5"]
[White "Okkes,M"]
[Black "Muhren,B"]
[Result "1/2-1/2"]
[WhiteElo "2375"]
[BlackElo "2307"]

1.Nf3 d5 2.g3 c6 3.Bg2 Bg4 4.O-O Nd7 5.c4 Ngf6 6.cxd5 cxd5 7.Nc3 e6 8.Qb3 Qc7
9.d4 Be7 10.Ne5 Nxe5 11.dxe5 Nd7 12.h3 Bh5 13.e4 d4 14.Nb5 Qb6 15.g4 Bg6
16.f4 Nc5 17.Qc4 a6 18.Nxd4 Bxe4 19.Bxe4 Nxe4 20.Qa4+ Kf8 21.Be3 Bc5 22.Rad1 Kg8
23.Qc2 Ng3 24.Rf3 Rd8 25.Rxg3 Bxd4 26.Rxd4 Rxd4 27.Kh2 g5 28.f5 Qd8 29.Bxd4 Qxd4
30.Qc3 Qf2+ 31.Rg2 Qf4+ 32.Qg3 Qxg3+ 33.Kxg3 Kg7 34.Rd2 Re8 35.f6+ Kg6 36.Rd7 Rc8
37.Kf3 b5 38.b3 Rc3+ 39.Ke4 Rxh3 40.Rd8 Rc3 41.Rg8+ Kh6 42.Kd4 Rc1 43.Rg7 Rc7
44.a4 bxa4 45.bxa4 a5 46.Rg8 Rc4+ 47.Kxc4  1/2-1/2

[Event "Bundesliga 2012-13"]
[Site "Schwetzingen GER"]
[Date "2013.04.06"]
[Round "14"]
[White "Zaragatski,I"]
[Black "Johannessen,LE"]
[Result "0-1"]
[WhiteElo "2460"]
[BlackElo "2520"]

1.Nf3 d5 2.g3 Nf6 3.Bg2 e6 4.d4 Be7 5.c4 O-O 6.Qc2 Nbd7 7.O-O c6 8.Rd1 b6
9.b3 Ba6 10.Nbd2 Rc8 11.e4 Bb7 12.Bb2 Qc7 13.e5 Ne8 14.Nf1 Qb8 15.cxd5 cxd5
16.Qd2 Nc7 17.Ne3 a5 18.a3 a4 19.b4 f5 20.exf6 Nxf6 21.Ne5 Rfe8 22.Re1 Nb5
23.Qd1 Nd6 24.Qxa4 b5 25.Qd1 Nc4 26.Ra2 Qa7 27.Qb3 Ra8 28.Nd3 Bc6 29.Nc5 Bxc5
30.dxc5 e5 31.Nxc4 bxc4 32.Qc2 Ba4 33.Qf5 Bb3 34.Raa1 d4 35.Rxe5 c3 36.Bc1 Rxe5
37.Qxe5 Re8 38.Qd6 Re1+ 39.Bf1 Bc4 40.Bb2 Rxf1+ 41.Rxf1 Bxf1 42.Qxd4 cxb2
43.Qxb2 Bb5 44.f3 Qd7 45.Kf2 h5 46.Qb3+ Kf8 47.Qb2 Qd3 48.Qe5 Qf1+ 49.Ke3 Qe2+
50.Kf4 Qd2+ 51.Kf5 Bd7+  0-1

[Event "TCh-AUT 2 East 2012-13"]
[Site "Austria AUT"]
[Date "2013.04.07"]
[Round "11.3"]
[White "Hangweyrer,M"]
[Black "Krpelan,W"]
[Result "1-0"]
[WhiteElo "2367"]
[BlackElo "2246"]

1.Nf3 d5 2.g3 c6 3.Bg2 Nf6 4.O-O Bf5 5.b3 e6 6.Bb2 Be7 7.c4 O-O 8.d3 h6 9.Nbd2 Bh7
10.Qc2 Nbd7 11.Rac1 Ne8 12.cxd5 exd5 13.e4 dxe4 14.dxe4 Bf6 15.Rfe1 Bxb2
16.Qxb2 Nb6 17.Qc3 Qe7 18.a4 Nc7 19.Nh4 Rfe8 20.Ndf3 Nd7 21.Nd4 Rad8 22.f4 Qf8
23.e5 Ne6 24.Nxe6 fxe6 25.a5 a6 26.Nf3 Qa3 27.Bh3 Nf8 28.Bf1 Rd5 29.Ra1 Qc5+
30.Qxc5 Rxc5 31.Bc4 Rd8 32.Kf2 Kf7 33.Rec1 Bd3 34.Ke3 Bxc4 35.bxc4 Ng6 36.Nd2 Nxe5
37.fxe5 Rxe5+ 38.Ne4 Ke7 39.g4 g5 40.h3 h5 41.gxh5 c5 42.Rd1 Rh8 43.Rab1 Rxh5
44.Rxb7+ Ke8 45.Kf3 Rxh3+ 46.Kg2  1-0

[Event "TCh-CZE Div1 Zapad 2012-13"]
[Site "Czech Republic CZE"]
[Date "2013.04.07"]
[Round "10.5"]
[White "Nidl,P"]
[Black "Vavra,P1"]
[Result "0-1"]
[WhiteElo "2205"]
[BlackElo "2376"]

1.Nf3 d5 2.g3 c6 3.Bg2 Bg4 4.b3 Nd7 5.Bb2 a5 6.a4 Qb8 7.d3 e5 8.O-O Ngf6
9.Nbd2 Bb4 10.h3 Bh5 11.Nh4 O-O 12.g4 Bg6 13.e4 Qd6 14.c3 Bc5 15.d4 Ba7 16.Nxg6 hxg6
17.Ba3 c5 18.exd5 exd4 19.Nc4 Qf4 20.cxd4 Rfd8 21.Qc1 Qb8 22.d6 cxd4 23.Nxa5 Rc8
24.Qd1 Bc5 25.b4 Bxd6 26.Bxb7 Rc3 27.Bxa8 Rxh3 28.Bc6 Bxb4 29.f4 Bxa3 30.Kg2 Rh4
31.Rxa3 Qb2+ 32.Rf2 Qxa3 33.Bf3 Qe3 34.Qd2 Nxg4 35.Qxe3 Nxe3+ 36.Kg1 Nc5
37.Bc6 Nd3 38.Rd2 Rg4+ 39.Kh1 Rh4+ 40.Kg1 Nxf4 41.Rb2 d3 42.Nb3 Ne2+  0-1

[Event "15th Dubai Open 2013"]
[Site "Dubai UAE"]
[Date "2013.04.07"]
[Round "1.31"]
[White "Ju Wenjun"]
[Black "Sultan,I"]
[Result "1-0"]
[WhiteElo "2521"]
[BlackElo "1886"]

1.Nf3 d5 2.g3 Nf6 3.Bg2 Bg4 4.O-O Nbd7 5.c4 c6 6.cxd5 cxd5 7.Nc3 e6 8.d3 Bd6
9.h3 Bh5 10.e4 O-O 11.exd5 Nxd5 12.Nxd5 exd5 13.Qb3 Nb6 14.Be3 Bc7 15.Rac1 f6
16.Bc5 Re8 17.Nd4 Qd7 18.Nb5 Bf7 19.Bd4 Bd8 20.Rc2 a6 21.Nc3 Re6 22.Nxd5 Rd6
23.Bxb6 Bxb6 24.Qxb6 Rxb6 25.Nxb6 Qxd3 26.Rc3 Qd8 27.Nxa8 Qxa8 28.Rfc1 Be6
29.Bd5  1-0

[Event "2nd Martinique Open"]
[Site "Fort-de-France FRA"]
[Date "2013.04.07"]
[Round "9.3"]
[White "Pelletier,Y"]
[Black "Rausis,I"]
[Result "1-0"]
[WhiteElo "2604"]
[BlackElo "2516"]

1.Nf3 d5 2.g3 Nf6 3.Bg2 e6 4.O-O Be7 5.d4 b5 6.Bg5 Nbd7 7.c3 a5 8.Nbd2 O-O
9.a4 c6 10.Qc2 Bb7 11.e4 dxe4 12.Nxe4 Nxe4 13.Bxe7 Qxe7 14.Qxe4 Nb6 15.Ne5 Nxa4
16.Nxc6 Qc7 17.c4 Nxb2 18.cxb5 a4 19.Qc2 a3 20.Qc5 Bxc6 21.Bxc6 Ra5 22.Rxa3 Rxa3
23.Qxa3 Nc4 24.Qc5 Nb6 25.Ra1 Rb8 26.Ra6 g6 27.h4 h5 28.Be4 Qd8 29.Ra7 Rc8
30.Bc6 Nd5 31.Kg2 Kg7 32.Rd7 Qa5 33.Qd6 Nf6 34.Qe5 Qc3 35.Bf3 Qb2 36.Bc6 Qc3
37.Rd6 Qb2 38.Qf4 Qb4 39.Qe5 Qb2 40.Be4 Rb8 41.Rxe6 fxe6 42.Qc7+ Nd7 43.Qxd7+ Kh6
44.Qf7  1-0

[Event "Bundesliga 2012-13"]
[Site "Schwetzingen GER"]
[Date "2013.04.07"]
[Round "15"]
[White "Hausrath,D"]
[Black "Dinstuhl,V"]
[Result "1-0"]
[WhiteElo "2484"]
[BlackElo "2409"]

1.Nf3 d5 2.g3 g6 3.Bg2 Bg7 4.d4 Nf6 5.O-O O-O 6.c4 dxc4 7.Na3 Nc6 8.Nxc4 Be6
9.b3 Bd5 10.Bb2 a5 11.a4 Qc8 12.Rc1 Rd8 13.e3 h6 14.Qe2 Qe6 15.Rfd1 Rab8
16.Nfe5 Bxg2 17.Kxg2 Nxe5 18.dxe5 Nd5 19.e4 Nb4 20.Rxd8+ Rxd8 21.Rd1 Rxd1
22.Qxd1 Qc6 23.f3 b6 24.Qd8+ Bf8 25.e6 f5 26.exf5 gxf5 27.Qd7 Qd5 28.Be5 c6
29.Bd4 Nc2 30.Bxb6 Ne1+ 31.Kf2 Qxf3+ 32.Kxe1 Qxb3 33.Qxc6 Bg7 34.Bxa5 Qb1+
35.Ke2  1-0

[Event "Bundesliga 2012-13"]
[Site "Schwetzingen GER"]
[Date "2013.04.07"]
[Round "15"]
[White "Rapport,R"]
[Black "Zwanzger,J"]
[Result "1-0"]
[WhiteElo "2621"]
[BlackElo "2326"]

1.Nf3 d5 2.g3 Nf6 3.Bg2 e6 4.O-O Be7 5.c4 O-O 6.b3 c5 7.Bb2 Nc6 8.e3 b6 9.Nc3 dxc4
10.bxc4 Bb7 11.Qe2 Rc8 12.Rfd1 Qc7 13.Rac1 Qb8 14.Ne1 Rfd8 15.d3 Na5 16.Bxb7 Qxb7
17.f4 a6 18.Rb1 Rb8 19.Ba1 Qd7 20.a4 Nc6 21.Nf3 Qc7 22.Rd2 Ne8 23.g4 Nb4
24.g5 Nd6 25.Ne5 b5 26.axb5 axb5 27.cxb5 Nxb5 28.Nxb5 Rxb5 29.Qh5 Bf8 30.Ng4 c4
31.Rg2 cxd3 32.Nh6+ Kh8 33.Nxf7+ Kg8 34.Nh6+ Kh8 35.Qf7  1-0

[Event "15th Dubai Open 2013"]
[Site "Dubai UAE"]
[Date "2013.04.08"]
[Round "2.22"]
[White "Pantsulaia,L"]
[Black "Krishna,CRG"]
[Result "1-0"]
[WhiteElo "2556"]
[BlackElo "2334"]

1.Nf3 d5 2.g3 Nf6 3.Bg2 c6 4.c4 dxc4 5.O-O Nbd7 6.Na3 Nb6 7.Qc2 Be6 8.Ng5 Bg4
9.Nxc4 Bxe2 10.Ne5 Bh5 11.Re1 h6 12.Ngxf7 Bxf7 13.b4 Nbd5 14.Bh3 Nc7 15.Bf5 Qd5
16.Bg6 Bxg6 17.Qxg6+ Kd8 18.Nf7+ Kc8 19.Nxh8 Ne6 20.Qf7 Nd4 21.Qxf8+ Kc7
22.Rxe7+ Kb6 23.Qf7 Nf3+ 24.Kh1 Qd4 25.Rxb7+ Ka6 26.Re7 Ne5 27.Rxe5 Qxe5
28.Qc4+ Kb7 29.Bb2 Qxb2 30.Re1 Nd5 31.Nf7 Qxd2 32.Re6 Nxb4 33.Rd6 Qe1+ 34.Kg2 Re8
35.Rd4 Re7 36.Nd6+ Kc7 37.Qc5  1-0

[Event "20th TCh-RUS 2013"]
[Site "Loo RUS"]
[Date "2013.04.08"]
[Round "2"]
[White "Eljanov,P"]
[Black "Rublevsky,S"]
[Result "1/2-1/2"]
[WhiteElo "2703"]
[BlackElo "2688"]

1.Nf3 d5 2.g3 Bg4 3.Bg2 c6 4.c4 e6 5.O-O Nf6 6.Qb3 Qb6 7.Qc2 Nbd7 8.b3 a5
9.Nc3 Be7 10.d3 O-O 11.h3 Bxf3 12.Bxf3 d4 13.Na4 Qa7 14.e3 e5 15.Bg2 Rac8
16.exd4 exd4 17.a3 Rfe8 18.Bd2 b5 19.Nb2 Bf8 20.Rfc1 Nb6 21.Qd1 Qa6 22.b4 a4
23.Qf3 Nbd7 24.g4 Ne5 25.Qg3 Bd6 26.f4 Ng6 27.Qf2 Qa7 28.f5 Ne5 29.c5 Bb8
30.Qxd4 Rcd8 31.Qf2 Nxd3 32.Nxd3 Rxd3 33.Bf4 Bxf4 34.Qxf4 Nd5 35.Re1 Qa8
36.Bxd5 Rxd5 37.Qc7 h5 38.Rad1 hxg4 39.hxg4 Qd8 40.Qxd8 Rexd8 41.Rxd5 Rxd5
42.Kf2 Rd3 43.Re3  1/2-1/2

[Event "14th TCh-RUS w 2013"]
[Site "Loo RUS"]
[Date "2013.04.08"]
[Round "2"]
[White "Kovalevskaya,E"]
[Black "Tomnikova,L"]
[Result "1/2-1/2"]
[WhiteElo "2411"]
[BlackElo "2173"]

1.Nf3 d5 2.g3 Bg4 3.Bg2 c6 4.O-O Nd7 5.d3 e6 6.Nbd2 Ngf6 7.b3 Be7 8.Bb2 O-O
9.c4 a5 10.a3 Re8 11.Qc2 Bf8 12.e4 dxe4 13.dxe4 e5 14.Bc3 Qb6 15.Qb2 Bxf3
16.Bxf3 Bc5 17.Rab1 Bd4 18.b4 axb4 19.axb4 c5 20.bxc5 Qxb2 21.Bxb2 Nxc5 22.Bxd4 exd4
23.e5 Rxe5 24.Bxb7 Nxb7 25.Rxb7 g6 26.Nf3 Rc5 27.Rd1 Rxc4 28.Rxd4 Rxd4 29.Nxd4 Rd8
30.Nf3 Rd7 31.Rxd7 Nxd7 32.Kf1 Kg7 33.Ke2 Kf6 34.h3 h6 35.Ke3 Ne5 36.Nd4 Nc4+
37.Ke4 Nb2 38.f4 Nd1 39.Kf3 h5 40.Nb3 Nc3  1/2-1/2

[Event "20th TCh-RUS 2013"]
[Site "Loo RUS"]
[Date "2013.04.08"]
[Round "2"]
[White "Movsesian,S"]
[Black "Tregubov,P"]
[Result "1-0"]
[WhiteElo "2695"]
[BlackElo "2611"]

1.Nf3 d5 2.g3 Nf6 3.Bg2 c6 4.O-O Bf5 5.c4 dxc4 6.Na3 e5 7.Nxc4 e4 8.Nfe5 Nbd7
9.d4 exd3 10.Nxd3 Be7 11.Qb3 Nb6 12.Na5 Bxd3 13.Rd1 Nbd7 14.Nxb7 Qc8 15.Bf4 Be4
16.Bd6 Bxg2 17.Bxe7 Kxe7 18.Nd6 Bd5 19.Nxc8+ Rhxc8 20.Qa3+ c5 21.g4 h6 22.h4 Be6
23.f3 Nd5 24.Rd2 Rc7 25.Rad1 N7b6 26.Qd3 Rac8 27.Qh7 Ne3 28.Qxg7 Nxd1 29.Rxd1 Bxa2
30.Qxh6 Rc6 31.Qf4 Bc4 32.e4 Bb3 33.Rd2 a5 34.h5 Nc4 35.Rd3 a4 36.h6 Rg6
37.Rd7+ Kxd7 38.Qxf7+ Kc6 39.Qxg6+ Kb5 40.Qg7 Nd6 41.Qd7+ Rc6 42.h7 Nf7 43.g5 Be6
44.Qxc6+  1-0

[Event "15th Dubai Open 2013"]
[Site "Dubai UAE"]
[Date "2013.04.09"]
[Round "3.1"]
[White "Akopian,Vl"]
[Black "Carlsson,P"]
[Result "1-0"]
[WhiteElo "2704"]
[BlackElo "2520"]

1.Nf3 d5 2.g3 Nf6 3.Bg2 c6 4.O-O Bg4 5.c4 e6 6.b3 Nbd7 7.Bb2 Bd6 8.d3 O-O
9.Nbd2 Qe7 10.a3 e5 11.h3 Bh5 12.Nh4 Qe6 13.Ndf3 h6 14.g4 e4 15.cxd5 cxd5
16.dxe4 dxe4 17.Nd4 Qe5 18.f4 exf3 19.Ndxf3 Qxb2 20.Qxd6 Bg6 21.Nxg6 fxg6
22.g5 hxg5 23.Nxg5 Qxb3 24.Qe6+ Qxe6 25.Nxe6 Rf7 26.Ng5 Re7 27.Bxb7 Rae8
28.Ba6 Ne5 29.Rac1 Nd5 30.Bb5 Rb8 31.Rc5 Nb6 32.a4 Rc8 33.Rxc8+ Nxc8 34.Rd1  1-0

[Event "20th TCh-RUS 2013"]
[Site "Loo RUS"]
[Date "2013.04.09"]
[Round "3"]
[White "Eljanov,P"]
[Black "Riazantsev,A"]
[Result "1/2-1/2"]
[WhiteElo "2703"]
[BlackElo "2705"]

1.Nf3 d5 2.g3 c6 3.Bg2 Nf6 4.c4 dxc4 5.O-O Nbd7 6.Qc2 Nb6 7.Na3 Be6 8.b3 cxb3
9.axb3 g6 10.Nc4 Bg7 11.Na5 Qc7 12.Bb2 Bd5 13.d3 Bxf3 14.Bxf3 O-O 15.b4 a6
16.d4 Rfd8 17.e4 e6 18.h4 h5 19.Rad1 Rac8 20.Nb3 Ne8 21.Bc1 e5 22.dxe5 Bxe5
23.Bg2 Rxd1 24.Rxd1 Rd8 25.Rxd8 Qxd8 26.Nc5 Qc7 27.Qd3 Qd6 28.Qb3 Qc7 29.Bh3 Nf6
30.Qd3 Qd6 31.Be3 Qxd3 32.Nxd3 Bc7 33.Nc5 Nc4 34.Bg5 Ng4 35.Bf1 b5 36.Nxa6 Bb6
37.Nc5 Bxc5 38.bxc5 Nge5 39.f4 Nd7 40.Be7 Nd2 41.Bd3 Nb3 42.Bc2 Nbxc5 43.Kf2 f6
44.f5 Kf7 45.Bd6 Nb7 46.fxg6+ Kg7 47.Bc7 Ne5 48.Ke3 Nc5 49.Bb8 Ncd7 50.Bc7 c5
51.Bb3 c4 52.Bd1 Kxg6 53.Kd4 b4 54.Bd6 b3 55.Kc3 Ng4 56.Bxg4 hxg4 57.Ba3 Ne5
58.Bc1 Nd3 59.Be3 Nb4 60.Bd4 Nc2 61.Bc5 Ne1 62.Be3 Nf3 63.Bc1 Ne5 64.Bf4 Nd3
65.Be3 Nb4 66.Bd4 Nc2 67.Bc5 Ne1 68.Bd4 Nf3 69.Bf2 Kh5 70.Be3 Kg6 71.Bf2 Kg7
72.Be3 Kf7 73.Bc1 Ne5 74.Be3 Nd3 75.Bd4 Nc1 76.Kd2 Na2 77.e5 fxe5 78.Bxe5 Ke6
79.Bg7 Kf5 80.Bh8 Nb4 81.Kc3 Nd3 82.Bg7 b2 83.Kc2 Nf2 84.Bxb2 Ne4 85.Ba3 Kg6
86.Bb2 Nxg3 87.Kc3 Nf5 88.Kxc4 g3 89.Be5 g2 90.Bh2 Nxh4 91.Kd3 Kf5 92.Ke3 Kg4
93.Kf2 Kh3 94.Bg1 Nf5 95.Kf3 Ng3 96.Kf2 Nf1 97.Kf3 Nh2+ 98.Kf2  1/2-1/2